Ako zlepšiť kvalitu geografie o dôležitosti kvalitatívneho výskumu v humánnej geografii
Kvalitatívny výskum, črty a preferencie v kvalitatívnom a kvantitatívnom výskume, výhody. Paradigmatické prístupy k sociálnemu výskumu. Kvalitatívny výskum v geografii, história, typy kvalitatívneho výskumu. Konštrukcia a interpretácia kvalitatívnych dát. Etika výskumu. Nedostatočné zastúpenie kvali...
Guardado en:
| Autor principal: | |
|---|---|
| Otros Autores: | , |
| Formato: | Capítulo de libro |
| Lenguaje: | eslovaco |
| Materias: | |
| Etiquetas: |
Sin Etiquetas, Sea el primero en etiquetar este registro!
|
MARC
| LEADER | 00000naa$a2200000$$$4500 | ||
|---|---|---|---|
| 001 | 0071943 | ||
| 005 | 20231102101218.8 | ||
| 041 | 0 | |a slo | |
| 044 | |a SK | ||
| 245 | 1 | 0 | |a Ako zlepšiť kvalitu geografie |b o dôležitosti kvalitatívneho výskumu v humánnej geografii |c Alena Rochovská, Matej Blažek, Martin Sokol |
| 520 | |a Kvalitatívny výskum, črty a preferencie v kvalitatívnom a kvantitatívnom výskume, výhody. Paradigmatické prístupy k sociálnemu výskumu. Kvalitatívny výskum v geografii, história, typy kvalitatívneho výskumu. Konštrukcia a interpretácia kvalitatívnych dát. Etika výskumu. Nedostatočné zastúpenie kvalitatívneho výskumu v slovenskej geografii | ||
| 610 | 2 | 0 | |a geografia |
| 610 | 2 | 0 | |a geografia sociálna |
| 610 | 2 | 0 | |a výskum |
| 610 | 2 | 0 | |a kvalita |
| 610 | 2 | 0 | |a metódy |
| 610 | 2 | 0 | |a história |
| 610 | 2 | 0 | |a etika |
| 100 | 1 | |a Rochovská, Alena | |
| 700 | 1 | |a Blažek, Matej | |
| 700 | 1 | |a Sokol, Martin | |